[Event "SapporoSummer2018"]
[Site "?"]
[Date "2018.07.29"]
[Round "5.2"]
[White "NISHIMORI, Toshiyuki"]
[Black "SUGIMOTO, Koichi"]
[Result "0-1"]
[WhiteElo "1823"]
[BlackElo "1966"]
[Annotator "Fritz 15 (30s)"]
[PlyCount "82"]

{[%mdl 8192] B01: Scandinavian Defence} 1. e4 d5 2. exd5 Qxd5 3. Nc3 Qd6 4. d3
(4. g3 Nf6 5. Bg2 c6 6. Nf3 Bf5 7. O-O e6 8. d4 Be7 9. Ne5 h5 10. h3 Nbd7 11.
f4 Nb6 12. g4 hxg4 13. hxg4 Nxg4 14. Nxg4 Bxg4 15. Qxg4 Qxd4+ 16. Rf2 Bh4 17.
Ne4 Bxf2+ 18. Nxf2 O-O-O {Kharlov,A (2560)-Vokarev,S (2485) Moscow 1998 1-0 
(38)}) 4... Nc6 $146 (4... Nf6 5. h3 (5. Nf3 Nc6 (5... Bg4 6. h3 Bxf3 7. Qxf3
c6 8. Bf4 Qb4 9. O-O-O Nbd7 10. g4 e6 11. Bg2 Bd6 12. Bxd6 Qxd6 13. Ne4 Qe7 14.
Qg3 Nxe4 15. dxe4 e5 16. f4 exf4 17. Qxf4 Ne5 18. g5 O-O 19. h4 Rad8 20. h5 {
Szegi,T (2261)-Szabo,R (2180) Hungary 2010 1/2-1/2 (34)}) 6. Be3 Bf5 7. Qd2 e5
8. O-O-O Be7 9. h3 O-O 10. g4 Be6 11. Kb1 Nd4 12. Ng5 Nd5 13. Nxe6 Qxe6 14.
Bxd4 exd4 15. Nxd5 Qxd5 16. Rg1 Qb5 17. Bg2 Bb4 18. Qc1 Rfe8 19. Be4 Re6 {
Ohme,M (2274)-Alber,H (2363) Germany 2008 1/2-1/2 (35)}) 5... a6 6. Nge2 b5 7.
Bf4 e5 8. Bh2 Nbd7 9. Ng3 Bb7 10. Qe2 O-O-O 11. O-O-O Qb6 12. Kb1 b4 13. Nce4
Nd5 14. Ka1 f6 15. Nf5 a5 16. Ne3 Nxe3 17. fxe3 Qe6 18. Nd2 Nb6 19. e4 {
Majella,Y (2276)-Aung Aungaaung,M (2324) Nay Pyi Taw 2013 1-0 (43)}) 5. Nf3 Bg4
6. Be2 e5 7. Be3 a6 {Secures b5} 8. Qd2 (8. a3 $5 $11) 8... f5 9. Qc1 {Black
has a very active position} h6 {White has a cramped position} 10. b3 {Black
has a very active position} (10. h3 Bxf3 11. Bxf3 Nf6 $11) 10... O-O-O 11. Qb2
{Black has an active position} Nf6 12. O-O-O {Black has a very active position}
f4 {Black threatens to win material: f4xe3} 13. Bd2 {White has a cramped
position} Qc5 {Black threatens to win material: Qc5xf2} 14. Rhf1 {White has a
cramped position} Be7 15. h3 Bxf3 16. Bxf3 {White has the pair of bishops} Nd4
17. Be4 Nxe4 18. Nxe4 {A comfortable square for the white knight} Qc6 {Black
has a king attack} 19. Kb1 Rhf8 20. f3 Kb8 21. Qc3 {White has a cramped
position} Qg6 22. Qa5 $2 (22. Rg1 $142 $5 $15 {and White has air to breath})
22... Nc6 $19 23. Qa4 (23. Qc3 Qxg2 24. Qb2 Nd4 $19) 23... Rd4 24. b4 Bxb4 25.
Qb3 $2 (25. c4 $142 Be7 26. Bc3 Qxg2 27. Bxd4 Nxd4 28. Ka1 $19) 25... Bxd2 26.
Ka1 (26. c3 {cannot undo what has already been done} Bxc3 $1 {Double attack:
g2/b1} 27. Qxc3 Rb4+ 28. Ka1 Qxg2 $19) 26... Rb4 27. Qa3 Rd8 (27... Be3 $142 {
makes sure everything is clear} 28. c3 Nd4 $19) 28. Rxd2 $17 Qe6 29. c3 Rb5 30.
c4 (30. Rb1 Qd5 $17) 30... Ra5 $19 31. Qb3 Nd4 32. Qb4 Nc6 {Black threatens to
win material: Nc6xb4} 33. Qb2 $4 {letting the wind out of his own sails} (33.
Qb3 Qe7 34. Rb1 $19) 33... Qe7 $19 34. Rb1 b6 35. Nc3 Rd4 36. Ne2 Rd7 37. Nc3
Qd8 38. Nd5 Kb7 39. Qc3 Ka7 40. Rdb2 Rc5 41. Rb3 $4 {terrible, but what else
could White do to save the game?} (41. Qe1 $142 $17) 41... Rdxd5 $19 0-1

[Event "SapporoSummer2018"]
[Site "?"]
[Date "2018.07.29"]
[Round "5.3"]
[White "KIKUCHI, Akira"]
[Black "KOBAYASHI, Katsuhiko"]
[Result "1/2-1/2"]
[WhiteElo "1763"]
[BlackElo "1455"]
[Annotator "Fritz 15 (30s)"]
[PlyCount "81"]

{B08: Pirc Defence: Classical System} 1. d4 Nf6 2. Bf4 g6 3. Nc3 Bg7 4. e4 d6
5. Nf3 Bg4 {Black has a cramped position} 6. Qd2 $146 (6. Be2 O-O 7. Qd2 c6 8.
h3 Bxf3 9. Bxf3 Qb6 10. O-O Rd8 11. Be3 Nbd7 12. a3 Qc7 13. Be2 e5 14. f4 exd4
15. Bxd4 Nc5 16. Bf3 Ne6 17. Bf2 Bh6 18. g3 Rd7 19. Rad1 Rad8 20. Bg2 d5 {
Ostojic,P (2485)-Torre,E (2515) Cleveland 1975 1-0 (45)}) (6. h3 Bxf3 7. Qxf3
Nfd7 (7... Nc6 8. O-O-O O-O 9. g4 Nd7 10. Be3 e5 11. dxe5 dxe5 12. h4 Nd4 13.
Qh3 h6 14. f4 c5 15. f5 Nb6 16. Kb1 Qd7 17. Qg2 Rfd8 18. Qf2 Qc6 19. Bg2 Rd7
20. Nd5 Nc4 21. Bc1 Rxd5 22. exd5 {Rodriguez Nunez,J (2193)-Lugo Matos,R (2198)
Santo Domingo 2015 0-1 (35)}) 8. e5 Nc6 9. O-O-O a6 (9... Qc8 10. Bb5 O-O 11.
Rhe1 Rb8 12. Nd5 Kh8 13. exd6 exd6 14. Ne7 Nxe7 15. Rxe7 Nf6 16. Bg5 Ng8 17.
Rxf7 Qe6 18. Rxf8 Rxf8 19. Qxb7 Qxa2 20. Qa6 Qd5 21. Be3 Qxg2 22. Qxa7 c5 23.
Qb6 Qa8 24. Qa6 {Vorotnikov,V (2475)-Maki,V (2380) Leningrad 1984 1-0 (40)})
10. Bc4 O-O 11. Bd5 Ndb8 12. h4 e6 13. Bb3 dxe5 14. dxe5 Qe7 15. Qe3 Qb4 16. h5
g5 17. Bxg5 Nxe5 18. Bh4 {1-0 (18) Kholmov,R (2555)-Petran,P (2455)
Zalaegerszeg 1977}) 6... Bxf3 7. gxf3 {White has the pair of bishops} O-O 8.
O-O-O Nbd7 9. Bh6 Bxh6 10. Qxh6 e5 11. d5 {White gains space} (11. dxe5 $5 Nxe5
12. Be2 $14) 11... Nh5 $11 12. Be2 Qf6 13. Rdg1 Qf4+ 14. Qxf4 Nxf4 15. h4 Nxe2+
(15... Nf6 16. Bc4 $15) 16. Nxe2 $11 h5 17. f4 exf4 18. Nxf4 Kh7 19. f3 a5 20.
Rg3 a4 21. a3 Rg8 22. Nd3 c6 (22... Rge8 23. Kd2 $11) 23. Re1 (23. dxc6 bxc6
24. Rd1 Nf6 $14) 23... c5 24. f4 b6 (24... Rae8 $5 $11 {must be considered})
25. e5 $16 dxe5 (25... Rge8 $5 $16) 26. fxe5 c4 27. Nb4 Rge8 28. Rge3 b5 29.
Nc6 Nb8 $2 (29... Kg7 30. d6 $18) 30. Nxb8 (30. Nd4 $142 $18 {makes it even
easier for White}) 30... Raxb8 $16 31. d6 (31. Rd1 $5 $16) 31... Rbd8 $14 32.
Rd1 Kh6 (32... Re6 $142 $5 $14 {must definitely be considered}) 33. Rd5 $16 g5
(33... Re6 34. Rf3 Kg7 35. Kd2 $16) 34. hxg5+ $18 Kxg5 35. e6+ $4 {with this
move White loses his initiative} (35. Rf3 $142 {White had this great chance} f5
36. exf6+ Kg6 37. Kd2 $18) 35... Kf4 $11 {Black threatens to win material:
Kf4xe3} 36. Rh3 fxe6 37. Rdxh5 Rxd6 38. R3h4+ (38. Rxb5 $5 {is worthy of
consideration} e5 39. Rb4 $11) 38... Kf3 $11 39. Rh3+ Ke4 (39... Kf2 40. Rxb5
e5 41. Rb4 $11) 40. R3h4+ (40. Rxb5 $142 $5 Rf8 41. Rh1 $16) 40... Kf3 $11 41.
Rh3+ 1/2-1/2

[Event "SapporoSummer2018"]
[Site "?"]
[Date "2018.07.29"]
[Round "5.4"]
[White "KANAMARU, Tomoji"]
[Black "NAKAMURA, Mitsuru"]
[Result "0-1"]
[WhiteElo "1666"]
[BlackElo "1078"]
[Annotator "Fritz 15 (30s)"]
[PlyCount "64"]

{[%mdl 8256] B84: Sicilian Scheveningen: 6 Be2 a6, lines without early Be3} 1.
e4 c5 2. Nf3 d6 3. d4 cxd4 4. Nxd4 Nf6 5. Nc3 a6 6. Be2 e6 7. Be3 Nbd7 8. O-O
Be7 (8... b5 9. a4 (9. a3 Bb7 10. f3 Be7 11. Qe1 O-O 12. Rd1 Rc8 13. Kh1 Qc7
14. Qg3 Kh8 15. Rd2 Qb8 16. Nb3 Ba8 17. Bd4 e5 18. Be3 Nb6 19. Na5 d5 20. exd5
Nbxd5 21. Nxd5 Nxd5 22. Bg1 Nf4 23. Nb3 Rcd8 {Bondar,E (2200)-Siuniakov,I 
(2309) Kemerovo 2012 0-1 (41)}) 9... b4 10. Nc6 Qc7 11. Nxb4 d5 12. Nxa6 Bxa6
13. exd5 Bb4 14. dxe6 fxe6 15. Nb5 Bxb5 16. Bxb5 Bd6 17. h3 O-O 18. Re1 Nd5 19.
Qg4 Rf5 20. Qc4 Qd8 21. Qe4 Re5 22. Qd3 Qe7 23. Bd4 {Kravtsiv,M (2559)
-Zhigalko,S (2640) Katowice 2010 0-1 (35)}) 9. Kh1 Qc7 10. f4 O-O 11. g4 $146 (
11. Bf3 Re8 12. Qe1 Nc5 13. g4 e5 14. Nf5 Bxf5 15. exf5 Bf8 16. Bxc5 Qxc5 17.
fxe5 Rxe5 18. Qg3 Rae8 19. Rae1 Qb4 20. Rxe5 Rxe5 21. g5 Nd7 22. Bd5 Qxb2 23.
Qh3 Qxc2 24. Bb3 Qd2 25. f6 Rxg5 {Rombaldoni,A (2169)-Mazzilli,P (2310) Bratto
2006 1-0}) 11... Nc5 {Black threatens to win material: Nc5xe4} (11... d5 12. e5
Ne4 13. Nxe4 dxe4 14. c3 $11) 12. Bf3 $14 {Black has a cramped position} Bd7
13. g5 {White threatens to win material: g5xf6} Ne8 14. f5 {White wins space}
e5 {Black threatens to win material: e5xd4} 15. Nd5 {White threatens to win
material: Nd5xc7. White forks: c7+e7} Qd8 16. Nxe7+ Qxe7 {White has the pair
of bishops} 17. Ne2 {Black has a cramped position} Bc6 {Black threatens to win
material: Bc6xe4} 18. Nc3 a5 19. Nd5 Bxd5 20. Qxd5 Kh8 21. Rad1 Rb8 22. Rg1 b6
23. Rdf1 (23. Qc6 g6 $16) 23... Na6 (23... Qd7 24. Qd2 $16) 24. Bg4 Nb4 25. Qd2
Rc8 $4 {causes further problems for ?} (25... Qb7 $142 26. Bf3 Na6 $16) 26. c3
$18 Nxa2 (26... Qb7 {doesn't change anything anymore} 27. cxb4 Qxe4+ 28. Bf3
Qxb4 29. Qxb4 axb4 30. Rc1 $18) 27. f6 Qc7 (27... Qb7 {does not improve
anything} 28. Bxc8 Qxe4+ 29. Rg2 $18) 28. Bxc8 Qxc8 29. fxg7+ Kxg7 (29... Nxg7
{what else?} 30. Qxd6 a4 31. Qxe5 Qe6 32. Qxe6 Nxe6 $18) 30. g6 hxg6 31. Bh6+
Kg8 (31... Kh7 {there is nothing else anyway} 32. Bxf8 Qe6 $18) 32. Rxg6+ $3 {
Deflection: f7.} Kh7 (32... fxg6 33. Qd5+ {Decoy Double attack} (33. Rxf8+ {
Deflection Pinning})) 0-1